[Event "Mechanics' Peter Grey TNM; G/2 d5"]
[Site "San Francisco"]
[Date "2017.10.03"]
[Round "9.23"]
[White "Tuck, Drew"]
[Black "Cunningham, Charles"]
[Result "1-0"]
[WhiteElo "1624"]
[BlackElo "1377"]
[PlyCount "51"]
[EventDate "2017.??.??"]

1. e4 e5 2. Nf3 Bd6 3. Bc4 h6 4. O-O c5 5. c3 a6 6. d4 Nc6 7. dxe5 Bc7 8. Be3
Qe7 9. Nbd2 Nxe5 10. Nxe5 Bxe5 11. Nf3 Nf6 12. Nxe5 Qxe5 13. Re1 O-O 14. f3 d6
15. Qd2 Be6 16. Bf4 Qh5 17. Bxe6 fxe6 18. Qxd6 Rae8 19. Rad1 Qf7 20. Qxc5 Nd7
21. Qc7 Rc8 22. Qxd7 Qxd7 23. Rxd7 Rxf4 24. Red1 Rff8 25. Rxb7 Rc6 26. Rdd7 1-0

[Event "Mechanics' Peter Grey TNM; G/2 d5"]
[Site "San Francisco"]
[Date "2017.09.19"]
[Round "7.29"]
[White "Tuck, Drew"]
[Black "Enkh, Tergelsar"]
[Result "1-0"]
[WhiteElo "1624"]
[BlackElo "1404"]
[PlyCount "33"]
[EventDate "2017.??.??"]

1. e4 e5 2. Nf3 Nc6 3. d4 exd4 4. Bc4 Nf6 5. e5 d5 6. Bb5 Ne4 7. Nxd4 Bc5 8.
O-O Bxd4 9. Qxd4 O-O 10. Bxc6 bxc6 11. f3 Ng5 12. Be3 Bf5 13. Qf4 Nxf3+ 14.
Qxf3 Bxc2 15. Bc5 Re8 16. Qxf7+ Kh8 17. Nd2 1-0

[Event "Mechanics' Peter Grey TNM; G/2 d5"]
[Site "San Francisco"]
[Date "2017.08.15"]
[Round "2.28"]
[White "Tuck, Drew"]
[Black "Olson, David R"]
[Result "1-0"]
[WhiteElo "1624"]
[BlackElo "1400"]
[Annotator "Donaldson"]
[PlyCount "83"]
[EventDate "2017.??.??"]

1. e4 c5 2. Nf3 d6 3. d4 cxd4 4. Nxd4 e5 $6 (4... Nf6 5. Nc3 a6 6. Be2 e5) 5.
Bb5+ $1 Bd7 (5... Nd7 6. Nf5 a6 7. Ba4 (7. Bxd7+ Qxd7 8. Nc3 Qc6 9. Ne3 Nf6 10.
Ned5 Be6) 7... b5 8. Bb3 Nc5) 6. Bxd7+ Nxd7 (6... Qxd7 7. Nf5) 7. Nf5 Ndf6 8.
Nc3 g6 9. Ne3 Ne7 10. O-O Nc6 (10... Bg7) 11. Ned5 $16 Nxd5 12. Nxd5 Bg7 13.
Be3 O-O 14. Qd2 Qh4 15. f3 f5 {Diagram [#]} 16. Bg5 (16. Nc7 $1 Rac8 17. Ne6
Rf7 (17... Rfe8 18. Qd5 Kh8 19. Bg5 Qh5 20. Qxd6) 18. Ng5 Re7 19. Qd5+ Kh8 20.
Nf7+) 16... Qh5 17. exf5 $6 (17. c3) 17... gxf5 18. Ne7+ $6 Kh8 19. Nxc6 bxc6
$11 20. Be7 Rf7 21. Qxd6 (21. Bxd6) 21... Re8 $1 22. Bd8 Bf8 $2 (22... e4 $1
23. f4 {to stop ...Be5} e3 {and Black has dangerous counterplay.}) 23. Qd1 (23.
Bf6+ $1 Kg8 24. Qxc6) 23... Qg6 24. Ba5 Rg7 25. Qd2 Bd6 (25... Bc5+ 26. Kh1 Bd4
27. c3 Be3 28. Qe2 Qh6 {with ...Bf4 to follow.}) 26. Rae1 Rd7 27. Kh1 Qh5 28.
Bc3 $1 Kg8 29. f4 (29. g4 $1) 29... e4 30. Qd4 Ree7 $2 (30... Qh6) 31. Qh8+ Kf7
32. Qg7+ Ke6 33. Qf6+ Kd5 34. Rd1+ (34. Qd4+ Ke6 35. Qc4#) 34... Kc5 35. Qd4+
Kb5 36. a4+ Ka6 37. Qc4+ Kb7 38. Rxd6 Rxd6 39. Qb4+ Kc7 40. Be5 $4 (40. Qc5 $1)
40... Rxe5 41. fxe5 Qd1 $4 ({The right square but the wrong piece. After} 41...
Rd1 $1 {White has nothing better than to give a draw by perpetual check.}) 42.
Qxd6+ 1-0

[Event "Mechanics' Summer TNM; G/2 d5"]
[Site "San Francisco"]
[Date "2017.05.30"]
[Round "2.32"]
[White "Tuck, Drew"]
[Black "Reed, Nicholas"]
[Result "1-0"]
[WhiteElo "1607"]
[BlackElo "1216"]
[Annotator "Donaldson"]
[PlyCount "67"]
[EventDate "2017.??.??"]

1. e4 e5 2. Nf3 Nc6 3. Bb5 a6 4. Ba4 d6 5. Bxc6+ bxc6 6. d4 Qe7 $6 (6... f6) (
6... exd4) 7. O-O f5 $2 8. exf5 Bxf5 9. dxe5 dxe5 {Diagram [#]} 10. Nxe5 $1 Rd8
11. Qe1 Rd6 12. Qc3 Bd7 13. Be3 g6 14. Bc5 Bg7 15. Bxd6 $2 (15. Re1 $1) 15...
cxd6 16. Qa5 Bxe5 17. Re1 Be6 18. Nc3 Nf6 19. Qxa6 Bxh2+ $2 (19... O-O) 20.
Kxh2 Ng4+ 21. Kg3 (21. Kg1 Qh4 22. Qc8+) 21... O-O 22. Qe2 $1 Qf6 23. Qxe6+ Kh8
24. Qxf6+ Rxf6 25. Kxg4 h5+ 26. Kg3 g5 27. Re8+ Kg7 28. f3 h4+ 29. Kh3 Rf4 30.
Rae1 Kf6 31. Rf8+ Kg7 32. Rxf4 gxf4 33. Kxh4 Kf6 34. a4 1-0

[Event "Mechanics' Spring TNM; G/2"]
[Site "San Francisco"]
[Date "2017.03.14"]
[Round "1.18"]
[White "Tuck, Drew"]
[Black "Uzzaman, Ashik"]
[Result "0-1"]
[WhiteElo "1479"]
[BlackElo "2000"]
[PlyCount "60"]
[EventDate "2017.??.??"]

1. e4 c5 2. Nf3 d6 3. d4 cxd4 4. Nxd4 Nf6 5. Nc3 a6 6. f4 g6 7. Be2 Nc6 8. Nb3
Bg7 9. O-O Bd7 10. Be3 Rc8 11. Bf3 O-O 12. Nd5 Nxd5 13. exd5 Na5 14. Bd4 Bf5
15. Rc1 Nc4 16. Re1 Re8 17. Bxg7 Kxg7 18. Qd4+ Kg8 19. Kh1 Qd7 20. Nd2 Qb5 21.
Be2 Qxb2 22. Qxb2 Nxb2 23. Rb1 Rxc2 24. Nf3 Rxe2 25. Rxe2 Bxb1 26. Rxb2 Be4 27.
Rxb7 Bxd5 28. Rb2 Rc8 29. Kg1 Rc1+ 30. Kf2 Ra1 0-1

[Event "Mechanics' Peter Grey TNM; G/2 d5"]
[Site "San Francisco"]
[Date "2017.08.22"]
[Round "3.16"]
[White "Tuck, Drew"]
[Black "Vickers, Keith"]
[Result "0-1"]
[WhiteElo "1624"]
[BlackElo "2200"]
[PlyCount "88"]
[EventDate "2017.??.??"]

1. e4 Nc6 2. Nf3 Nf6 3. e5 Ng8 4. d4 d5 5. Be2 Bg4 6. Nbd2 e6 7. O-O Nge7 8. h3
Bh5 9. c3 Nc8 10. Bd3 Nb6 11. g4 Bg6 12. Bxg6 hxg6 13. a4 Rxh3 14. Kg2 Rh8 15.
Qe2 a5 16. c4 dxc4 17. Nxc4 Nxd4 18. Nxd4 Nxc4 19. Nf3 Nb6 20. Rd1 Nd7 21. Qb5
Qc8 22. Be3 c6 23. Qc4 Qc7 24. Rd3 Be7 25. Rad1 Nb6 26. Bxb6 Qxb6 27. b3 Qb4
28. Qd4 Qxd4 29. Rxd4 Rd8 30. Kg3 Rd5 31. R4d3 f6 32. Rxd5 exd5 33. Re1 fxe5
34. Nxe5 Bd6 35. Kf3 Rf8+ 36. Kg2 Bxe5 37. Rxe5+ Kd7 38. Kg3 Kd6 39. Rg5 Rf6
40. f3 Kc5 41. Re5 Kb4 42. Re7 b6 43. Rb7 c5 44. g5 Rd6 0-1

[Event "Mechanics' Spring TNM; G/2"]
[Site "San Francisco"]
[Date "2017.04.18"]
[Round "6.5"]
[White "Turner, Jesse"]
[Black "Bayaraa, Chinguun"]
[Result "0-1"]
[WhiteElo "1904"]
[BlackElo "2134"]
[Annotator "Donaldson"]
[PlyCount "64"]
[EventDate "2017.??.??"]

1. b3 d5 2. Bb2 Bf5 3. e3 e6 4. Nf3 Nf6 5. Nh4 (5. Be2 h6) 5... Bg4 6. Be2 Bxe2
7. Qxe2 Bd6 8. f4 c5 9. Nf3 Nc6 10. O-O O-O 11. d3 Nd7 12. Nbd2 f6 (12... e5)
13. c4 Nb6 14. Rac1 Qe7 15. Kh1 Rac8 16. Nb1 (16. g3 Rfe8 17. e4) 16... e5 17.
fxe5 Bxe5 18. Nxe5 fxe5 19. Nc3 d4 20. Ne4 Nd7 21. exd4 (21. Rce1) 21... exd4
22. Rce1 Rxf1+ 23. Rxf1 Re8 24. Bc1 h6 (24... Nb4 25. Re1) 25. Bf4 Kh8 26. Qh5
Nce5 27. Bxe5 (27. h3 Nxd3 28. Bxh6 gxh6 29. Nd6 $11) 27... Nxe5 28. Nxc5 $4 {
Diagram [#]} (28. h3 Nxd3 29. Nd6 Rf8 30. Nf7+ Kg8 31. Nxh6+ gxh6 32. Qg6+ Qg7
33. Rxf8+ Kxf8 34. Qxd3 Qf7 $15) 28... Rf8 $1 29. Re1 Qxc5 30. h3 Nxd3 31. Qxc5
Nxc5 32. b4 Nd3 0-1

[Event "Mechanics' Spring TNM; G/2"]
[Site "San Francisco"]
[Date "2017.04.11"]
[Round "5.6"]
[White "Turner, Jesse"]
[Black "Fuentes, Romulo C"]
[Result "1-0"]
[WhiteElo "1904"]
[BlackElo "2200"]
[PlyCount "85"]
[EventDate "2017.??.??"]

1. b3 c5 2. Bb2 Nc6 3. e3 a6 4. Nf3 e6 5. Be2 Nf6 6. O-O Qc7 7. c4 b6 8. Nc3
Bb7 9. Rc1 d6 10. d4 Be7 11. Qd2 h6 12. Rfd1 O-O 13. a3 Nd8 14. Bd3 Bxf3 15.
gxf3 cxd4 16. exd4 Qb7 17. d5 e5 18. Ne4 Nxe4 19. Bxe4 Bg5 20. Qd3 Bxc1 21.
Bxc1 Qe7 22. Kh1 Qf6 23. Rg1 Nb7 24. Qe3 Nc5 25. Bc2 Rfe8 26. b4 Nd7 27. Qe4
Nf8 28. Qg4 a5 29. Be3 axb4 30. axb4 Reb8 31. Be4 Ra4 32. c5 Rxb4 33. cxb6 Ng6
34. Rc1 Qd8 35. Rc7 Nf4 36. Bxf4 Rxe4 37. fxe4 exf4 38. Qxf4 Qe8 39. b7 g6 40.
f3 Kg7 41. Qxd6 Qb5 42. Qe5+ Kg8 43. Rc8+ 1-0

[Event "Mechanics' Spring TNM; G/2"]
[Site "San Francisco"]
[Date "2017.03.14"]
[Round "1.23"]
[White "Turner, Jesse"]
[Black "Robertson, Terrance"]
[Result "1-0"]
[WhiteElo "1904"]
[BlackElo "1380"]
[Annotator "Donaldson"]
[PlyCount "75"]
[EventDate "2017.??.??"]

1. b3 d5 2. Bb2 c5 3. e3 Nc6 4. Bb5 Nf6 5. Bxc6+ bxc6 6. Nf3 Bg4 7. h3 Bxf3 8.
Qxf3 Qd6 9. d3 e5 10. Nd2 Be7 11. c4 O-O 12. O-O Rfd8 13. Rfd1 Rab8 14. Rac1
Rd7 15. Nf1 Rbd8 16. Ng3 Qe6 17. Ba3 d4 18. exd4 cxd4 19. Bb2 c5 20. Re1 a5 21.
Rc2 Rb8 22. Rce2 Bd6 23. Nf5 Bc7 24. Ba3 e4 25. Rxe4 Nxe4 26. Rxe4 Qf6 27. Bxc5
Be5 28. Qg4 Rc7 {Diagram [#]} 29. Rxe5 $1 h5 (29... Qxe5 30. Bd6 ({or} 30. Bxd4
Qe1+ 31. Kh2 f6 32. Bxf6) 30... Qe1+ 31. Kh2 g6 32. Bxc7) 30. Qxg7+ Qxg7 31.
Nxg7 Kxg7 32. Bd6 Rbb7 33. Bxc7 Rxc7 34. Rxa5 Re7 35. Kf1 f6 36. Rxh5 Kg6 37.
Rd5 f5 38. Rxd4 1-0

[Event "Mechanics' Spring TNM; G/2"]
[Site "San Francisco"]
[Date "2017.03.21"]
[Round "2.3"]
[White "Turner, Jesse"]
[Black "Tsodikova, Natalya"]
[Result "0-1"]
[WhiteElo "1904"]
[BlackElo "2210"]
[PlyCount "80"]
[EventDate "2017.??.??"]

1. b3 e5 2. Bb2 Nc6 3. e3 Nf6 4. Bb5 Bd6 5. Na3 a6 6. Bxc6 dxc6 7. Nc4 Qe7 8.
Nf3 e4 9. Nfe5 Be6 10. Qe2 Nd5 11. O-O-O O-O 12. f4 f6 13. Ng4 Bc5 14. Nf2 b5
15. Na5 Bd7 16. c4 Nb6 17. d4 Bb4 18. Nb7 bxc4 19. bxc4 Na4 20. c5 Be6 21. Qc2
Nxb2 22. Qxb2 a5 23. a3 Rfb8 24. axb4 Rxb7 25. Kd2 Rxb4 26. Qa1 Bb3 27. Rb1 a4
28. Rhc1 Rbb8 29. Qc3 Qe6 30. g4 a3 31. f5 Qd5 32. Nh3 a2 33. Ra1 Qf7 34. Nf4
Bd5 35. Nxd5 Qxd5 36. Qc4 Rb2+ 37. Kc3 Rxh2 38. Qxd5+ cxd5 39. Rc2 Ra3+ 40. Kb2
Rxc2+ 0-1

[Event "Mechanics' Spring TNM; G/2"]
[Site "San Francisco"]
[Date "2017.05.02"]
[Round "8.12"]
[White "Uzzaman, Ashik"]
[Black "Andries, W Craig"]
[Result "0-1"]
[WhiteElo "2000"]
[BlackElo "1860"]
[Annotator "Donaldson"]
[PlyCount "96"]
[EventDate "2017.??.??"]

1. e4 g6 2. d4 Bg7 3. c4 d6 4. Nf3 Nc6 5. h3 e5 6. d5 Nce7 7. Bd3 f5 8. O-O Nf6
9. Nc3 f4 $6 (9... O-O) 10. b4 (10. c5 $1) 10... a5 11. c5 axb4 12. Nb5 O-O 13.
cxd6 cxd6 14. Bd2 h6 15. Bxb4 Ne8 16. a3 (16. a4) 16... Rf6 17. Rc1 g5 18. Nh2
Bd7 19. Kh1 Rg6 20. Be2 Qb6 21. Qd3 h5 22. f3 Kh8 23. Rc2 Rc8 24. Rfc1 Rxc2 25.
Rxc2 Ng8 26. Qc4 Nh6 27. Nc7 Nf6 28. Ne6 g4 29. fxg4 hxg4 30. Qc7 Qe3 31. Qc3
gxh3 32. Qxe3 hxg2+ 33. Kg1 fxe3 34. Bf3 Nf7 35. Nxg7 Kxg7 36. Rxg2 Ng5 37.
Bxd6 {Diagram [#]} Bh3 38. Kh1 Bxg2+ 39. Bxg2 e2 40. Bb4 Ngxe4 41. Bxe4 Nxe4
42. Nf3 Nf2+ 43. Kh2 Nd3 44. Bc3 Kf8 45. Ne1 Nxe1 46. Bxe1 Ke7 47. Bb4+ Kd7 48.
Kh3 Rg1 0-1

[Event "Mechanics' Peter Grey TNM; G/2 d5"]
[Site "San Francisco"]
[Date "2017.09.12"]
[Round "6.10"]
[White "Uzzaman, Ashik"]
[Black "Argo, Guy"]
[Result "1-0"]
[WhiteElo "2036"]
[BlackElo "1969"]
[PlyCount "69"]
[EventDate "2017.??.??"]

1. e4 e5 2. f4 d5 3. exd5 c6 4. Qe2 cxd5 5. Qxe5+ Be7 6. Nf3 Nf6 7. Bb5+ Nc6 8.
Bxc6+ bxc6 9. O-O O-O 10. d3 Re8 11. Kh1 Bg4 12. Qc3 Bxf3 13. Rxf3 Qb6 14. Be3
c5 15. Bg1 Rab8 16. b3 Ne4 17. Qb2 Bf6 18. c3 Nd6 19. Na3 a5 20. Qd2 Qc6 21.
Rb1 Re7 22. Nc2 Nb5 23. d4 c4 24. bxc4 Qxc4 25. Ne3 Rxe3 26. Rxe3 Rc8 27. Qd3
Qxd3 28. Rxd3 Nd6 29. Bf2 g6 30. Be1 Bd8 31. g4 Kg7 32. Kg2 Rc4 33. Re3 Ne4 34.
Rb5 Bc7 35. Kf3 1-0

[Event "Mechanics' Spring TNM; G/2"]
[Site "San Francisco"]
[Date "2017.03.21"]
[Round "2.16"]
[White "Uzzaman, Ashik"]
[Black "Cohee, James"]
[Result "1-0"]
[WhiteElo "2000"]
[BlackElo "1651"]
[Annotator "Donaldson"]
[PlyCount "147"]
[EventDate "2017.??.??"]

1. e4 c5 2. Nc3 Nc6 3. f4 e6 4. Nf3 d5 5. Bb5 a6 $6 (5... Nge7) (5... Nf6) 6.
Bxc6+ bxc6 7. d3 Nf6 8. Qe2 Be7 9. O-O O-O 10. b3 a5 11. Na4 Nd7 12. Ba3 Ba6
13. c4 Qc7 14. Qe3 d4 15. Qd2 Rfe8 16. Rae1 (16. e5) 16... Rad8 (16... Bb5 $5
17. Nb2 (17. cxb5 cxb5)) 17. e5 Bc8 18. Kh1 Qa7 19. Rc1 (19. Bc1) 19... Nf8 20.
Qf2 h6 21. Nd2 Nd7 22. Ne4 Rf8 23. Qg3 Nb8 24. Bxc5 Bxc5 25. Naxc5 Na6 26. Nxa6
Qxa6 {Diagram [#]} 27. a4 $2 (27. Nf6+ Kh8 28. Rf3 $1 {mates} gxf6 29. Qh4)
27... Kh8 28. Rb1 Qb6 29. Rfc1 c5 30. Nd6 Rxd6 31. exd6 Qxd6 32. Re1 Bd7 33. f5
$1 Qxg3 34. hxg3 Rb8 35. fxe6 Bxe6 36. Re5 Rc8 37. Kg1 g6 38. Kf2 Kg7 39. Ke2
Kf6 40. Re4 h5 41. Rf1+ Ke7 42. Kd2 Kd6 43. Rf6 Re8 44. g4 hxg4 45. Rxg4 Rh8
46. Rg5 Ke7 47. Rf1 Kd6 48. Re1 Rh4 49. Rge5 Rg4 50. R5e2 Rg3 51. Kc2 Bf5 52.
Rd2 Be6 53. Rh1 Kc7 54. Rh8 Kb7 55. Re8 Re3 56. Re7+ Kb6 57. Rf2 Rg3 58. Kd2
Bf5 59. Rxf7 Rxd3+ 60. Kc1 Rxb3 61. Rb2 Rb4 (61... Rxb2) 62. Rf6+ Kb7 63. g3
Bd3 64. g4 Rxb2 65. Kxb2 Bxc4 66. Rxg6 Be2 67. g5 Bd1 68. Rf6 c4 69. g6 c3+ 70.
Kc1 Bxa4 71. Rd6 Bb3 72. Rxd4 Kc6 73. Rd3 a4 74. Rxc3+ 1-0

[Event "Mechanics' Peter Grey TNM; G/2 d5"]
[Site "San Francisco"]
[Date "2017.08.22"]
[Round "3.7"]
[White "Uzzaman, Ashik"]
[Black "Hack, Richard"]
[Result "1-0"]
[WhiteElo "2036"]
[BlackElo "1608"]
[PlyCount "53"]
[EventDate "2017.??.??"]

1. e4 e5 2. f4 exf4 3. Nf3 g5 4. Nc3 g4 5. Ne5 d6 6. Nxg4 Qh4+ 7. Nf2 Nf6 8. d4
Bg4 9. Be2 Rg8 10. e5 dxe5 11. dxe5 Bc5 12. Rf1 Nfd7 13. Nce4 Be6 14. Nxc5 Nxc5
15. Bf3 Bc4 16. Rh1 Ba6 17. Qd4 Ne6 18. Qa4+ c6 19. g3 Bb5 20. Qe4 Qe7 21. Bxf4
Nd7 22. O-O-O f6 23. Bh5+ Kf8 24. exf6 Qxf6 25. Rd6 Ke7 26. Re1 Ndc5 27. Qb4
1-0

[Event "Mechanics' Spring TNM; G/2"]
[Site "San Francisco"]
[Date "2017.04.18"]
[Round "6.12"]
[White "Uzzaman, Ashik"]
[Black "Jensen, Christian"]
[Result "1/2-1/2"]
[WhiteElo "2000"]
[BlackElo "1853"]
[PlyCount "70"]
[EventDate "2017.??.??"]

1. e4 c5 2. Nc3 d6 3. f4 g6 4. Nf3 Bg7 5. Bb5+ Bd7 6. Bc4 Nc6 7. O-O e6 8. a3
Nge7 9. d3 a6 10. Qe1 O-O 11. Qh4 Nd4 12. Nxd4 Bxd4+ 13. Kh1 Nc6 14. Qg3 f5 15.
Ne2 Bg7 16. c3 Kh8 17. Ng1 Ne7 18. Bd2 fxe4 19. dxe4 d5 20. exd5 exd5 21. Ba2
Nf5 22. Qf2 d4 23. Nf3 Bc6 24. Ng5 Bd5 25. Ne6 Bxe6 26. Bxe6 Qb6 27. Bxf5 Rxf5
28. cxd4 Bxd4 29. Bc3 Bxc3 30. bxc3 Raf8 31. Qe3 Qc7 32. g3 g5 33. Rae1 gxf4
34. Rxf4 Rxf4 35. gxf4 Qxf4 1/2-1/2

[Event "Mechanics' Summer TNM; G/2 d5"]
[Site "San Francisco"]
[Date "2017.06.06"]
[Round "3.12"]
[White "Uzzaman, Ashik"]
[Black "McKellar, Daniel"]
[Result "1-0"]
[WhiteElo "2003"]
[BlackElo "1740"]
[PlyCount "71"]
[EventDate "2017.??.??"]

1. e4 c5 2. Nc3 g6 3. f4 Bg7 4. Nf3 Nc6 5. Bb5 Nd4 6. O-O Nxb5 7. Nxb5 d5 8.
exd5 Nf6 9. c4 O-O 10. d3 Bf5 11. Ne5 a6 12. Nc3 b5 13. Qe2 Re8 14. Be3 Rc8 15.
Rad1 Qd6 16. Kh1 h5 17. Bg1 Bg4 18. Nxg4 Nxg4 19. Ne4 Qb8 20. Nxc5 bxc4 21.
dxc4 Qxb2 22. Qxb2 Bxb2 23. Nd3 Ba3 24. h3 Nf6 25. Ne5 Ne4 26. Rf3 Bd6 27. Nc6
g5 28. g3 h4 29. gxh4 Bxf4 30. hxg5 Bxg5 31. Re1 f5 32. Rxe4 fxe4 33. Rg3 Kf7
34. Rxg5 Rh8 35. Rf5+ Kg7 36. Bd4+ 1-0

[Event "Mechanics' Peter Grey TNM; G/2 d5"]
[Site "San Francisco"]
[Date "2017.08.08"]
[Round "1.12"]
[White "Uzzaman, Ashik"]
[Black "Mines, Joshua"]
[Result "1-0"]
[WhiteElo "2036"]
[BlackElo "1499"]
[PlyCount "79"]
[EventDate "2017.??.??"]

1. e4 c5 2. Nc3 Nc6 3. f4 d6 4. Nf3 e6 5. Bb5 a6 6. Bxc6+ bxc6 7. d3 Be7 8. O-O
Nf6 9. Qe1 h6 10. Kh1 d5 11. Ne5 Bb7 12. f5 Bd6 13. Nxf7 Kxf7 14. e5 exf5 15.
exd6 g6 16. Bf4 g5 17. Be5 Kg6 18. Qf2 Bc8 19. Bxf6 Qxf6 20. Qxc5 Bd7 21. Na4
Rab8 22. Nb6 Rxb6 23. Qxb6 Qxd6 24. Qxa6 h5 25. d4 g4 26. Qd3 h4 27. a4 Kg5 28.
Qe3+ Kg6 29. Qe5 Qf8 30. a5 g3 31. h3 Rh5 32. a6 f4 33. Qxf4 Rf5 34. Qg4+ Kh6
35. Qxh4+ Kg6 36. Qxg3+ Kh6 37. Qh4+ Kg6 38. Qg4+ Kh6 39. Rxf5 Bxf5 40. Qf4+
1-0

[Event "Mechanics' Spring TNM; G/2"]
[Site "San Francisco"]
[Date "2017.04.04"]
[Round "4.13"]
[White "Uzzaman, Ashik"]
[Black "Newey, Richard"]
[Result "0-1"]
[WhiteElo "2000"]
[BlackElo "1721"]
[Annotator "Donaldson"]
[PlyCount "62"]
[EventDate "2017.??.??"]

1. e4 e5 2. f4 exf4 3. Nf3 d5 4. exd5 Nf6 5. Bb5+ Bd7 6. Bc4 Qe7+ 7. Kf1 Qc5 8.
Qe2+ Be7 9. d4 Qd6 10. Nc3 a6 11. Ne5 b5 12. Bb3 b4 13. Ne4 Nxe4 14. Qxe4 g5
15. Bd2 f5 16. Qe2 Bb5 17. Nd3 a5 18. a4 Ba6 19. Re1 Nd7 20. Kf2 $4 (20. Qf3 {
with h4 to follow.}) 20... Nf6 $1 $11 21. Qe5 $4 Ng4+ 22. Kf3 Nxe5+ 23. dxe5
Qh6 24. h4 g4+ 25. Kf2 Bxd3 26. cxd3 Bc5+ 27. Kf1 Be3 28. Bxe3 fxe3 29. g3 f4
30. Kg2 f3+ 31. Kh2 e2 0-1

[Event "Mechanics' Summer TNM; G/2 d5"]
[Site "San Francisco"]
[Date "2017.06.20"]
[Round "5.4"]
[White "Uzzaman, Ashik"]
[Black "O'Connor, Derek"]
[Result "0-1"]
[WhiteElo "2003"]
[BlackElo "2270"]
[PlyCount "74"]
[EventDate "2017.??.??"]

1. e4 g6 2. d4 Bg7 3. c4 c5 4. d5 d6 5. Nc3 Nf6 6. Be2 O-O 7. Nf3 e5 8. O-O Nh5
9. g3 Na6 10. Nh4 $6 Nf4 11. Ng2 Nxg2 (11... Nh3+ $5) 12. Kxg2 Qe7 13. Be3 Bd7
14. Qd2 f5 15. Bg5 (15. f4) 15... Qf7 16. f3 Nc7 17. Bh6 Ne8 18. Bxg7 Nxg7 19.
Qh6 Qe7 20. Bd3 Rf7 21. Rae1 f4 22. g4 {[#]} g5 $1 23. h4 $2 Rf6 $1 24. hxg5
Rxh6 25. gxh6 Ne8 26. Rh1 Kh8 27. Kf2 Nc7 28. Rh2 Rg8 29. Rg1 Rg6 30. Rgh1 Ne8
31. Bc2 Nf6 32. Ba4 {[#]} Bxg4 {Oh sure, when you're up a queen for a rook
already... (Stockfish makes it slightly better than just trading bishops)} 33.
fxg4 Nxg4+ 34. Kf3 Nxh2+ 35. Rxh2 Qg5 36. Ne2 Qg4+ 37. Kf2 f3 0-1

[Event "Mechanics' Winter TNM; G/2"]
[Site "San Francisco"]
[Date "2017.01.03"]
[Round "1.16"]
[White "Uzzaman, Ashik"]
[Black "Olson, David R"]
[Result "1-0"]
[WhiteElo "1974"]
[BlackElo "1400"]
[PlyCount "45"]
[EventDate "2017.??.??"]

1. e4 Nc6 2. d4 e6 3. c4 Bb4+ 4. Nc3 Nf6 5. f3 h6 6. e5 Nh7 7. a3 Be7 8. f4 O-O
9. Nf3 f5 10. d5 exd5 11. cxd5 Nb8 12. Bc4 Bc5 13. b4 Bb6 14. Na4 Kh8 15. Nxb6
axb6 16. O-O c5 17. b5 Qe7 18. d6 Qe8 19. Bb2 Qh5 20. a4 Re8 21. Qb3 Rf8 22. h3
Rd8 23. Bf7 1-0

[Event "Mechanics' Summer TNM; G/2 d5"]
[Site "San Francisco"]
[Date "2017.07.18"]
[Round "8.2"]
[White "Uzzaman, Ashik"]
[Black "Shaw, Tenzing"]
[Result "1/2-1/2"]
[WhiteElo "2003"]
[BlackElo "2310"]
[PlyCount "133"]
[EventDate "2017.??.??"]

1. e4 e6 2. d4 d5 3. Nc3 Nf6 4. Bg5 Bb4 5. e5 h6 6. Bd2 Bxc3 7. Bxc3 Ne4 8. Bb4
c5 9. dxc5 $2 {Diagram [#]} Nxf2 $1 10. Kxf2 Qh4+ 11. g3 Qxb4 12. Nf3 Nd7 13.
Bd3 O-O 14. Qe2 Nxc5 15. b3 Ne4+ 16. Bxe4 dxe4 17. Nd2 Qd4+ 18. Qe3 Qxe5 19.
Nxe4 Bd7 20. Rhe1 Bc6 21. Rad1 Rad8 22. Rxd8 Rxd8 23. a4 Bxe4 24. Qxe4 Rd2+ 25.
Kg1 Qxe4 26. Rxe4 Rxc2 27. Rb4 b6 28. a5 bxa5 29. Rb7 Rb2 30. Rxa7 Rxb3 31.
Rxa5 Rb2 32. Ra7 g6 33. h3 Kg7 34. Kf1 g5 35. Kg1 Kg6 36. Ra8 e5 37. g4 e4 38.
Ra6+ f6 39. Re6 Re2 40. Re7 h5 41. Kh1 hxg4 42. hxg4 e3 43. Kg1 Re1+ 44. Kg2 f5
45. Re6+ Kf7 46. gxf5 e2 47. Kf2 Rf1+ 48. Kxe2 Rxf5 49. Re3 Kg6 50. Rf3 Ra5 51.
Kf2 Kh5 52. Kg3 Ra1 53. Rb3 Rg1+ 54. Kh2 Rg4 55. Rh3+ Kg6 56. Rf3 Rd4 57. Kg3
Rd1 58. Kg4 Rg1+ 59. Rg3 Rf1 60. Ra3 Rf4+ 61. Kg3 Kh5 62. Rb3 Rc4 63. Ra3 g4
64. Rb3 Kg5 65. Ra3 Re4 66. Rb3 Kf5 67. Rb5+ 1/2-1/2

[Event "Mechanics' Summer TNM; G/2 d5"]
[Site "San Francisco"]
[Date "2017.07.11"]
[Round "7.5"]
[White "Uzzaman, Ashik"]
[Black "Wong, Russell"]
[Result "1-0"]
[WhiteElo "2003"]
[BlackElo "2200"]
[PlyCount "167"]
[EventDate "2017.??.??"]

1. e4 c5 2. Nc3 a6 3. f4 e6 4. Nf3 d5 5. a4 Nf6 6. e5 Nfd7 7. d4 Nc6 8. Be3 b6
9. Bd3 cxd4 10. Nxd4 Nxd4 11. Bxd4 Nc5 12. O-O g6 13. Kh1 Bb7 14. Ne2 Bg7 15.
b4 Nd7 16. a5 b5 17. Qd2 Rc8 18. Rf3 O-O 19. Raf1 f5 20. Qe3 Rf7 21. Rh3 Bf8
22. c3 Nb8 23. Bb1 Nc6 24. Ba2 Nxd4 25. Nxd4 Qe8 26. Qe1 Rfc7 27. Qh4 Qf7 28.
Qe1 Be7 29. Qd2 Kh8 30. Kg1 Rg8 31. Nf3 Qe8 32. Rg3 Qc8 33. Nd4 Bh4 34. Rh3 Bd8
35. Rff3 g5 36. Rh6 g4 37. Rd3 Rg6 38. Rxg6 hxg6 39. h3 gxh3 40. Rxh3+ Rh7 41.
Qe3 Rxh3 42. Qxh3+ Kg7 43. Qe3 Kf7 44. Kf1 Be7 45. Ke2 Qh8 46. Qh3 Qxh3 47.
gxh3 Bc8 48. Nf3 Bd7 49. Kd3 Ke8 50. Kd4 Kd8 51. Bb3 Kc7 52. Bd1 Kc6 53. Nd2
Bh4 54. Nb3 Bf2+ 55. Kd3 Bc8 56. Bf3 Bg1 57. Nc1 Ba7 58. Ne2 Bf2 59. Bh1 Bd7
60. Bg2 Be8 61. Nc1 Bf7 62. Ke2 Bg1 63. Nb3 Be8 64. Nd2 Bf7 65. Nf3 Ba7 66. Ng5
Bg8 67. Bf3 Kc7 68. h4 Bg1 69. h5 Bh2 70. h6 Bxf4 71. h7 Bxh7 72. Nxe6+ Kd7 73.
Nxf4 g5 74. Nxd5 Ke6 75. Nc7+ Kxe5 76. Nxa6 g4 77. Bc6 f4 78. Nc5 Kd6 79. Bxb5
Bg8 80. c4 Ke5 81. a6 Bf7 82. a7 Bh5 83. Nd3+ Kd4 84. Nxf4 1-0

[Event "Mechanics' Winter TNM; G/2"]
[Site "San Francisco"]
[Date "2017.01.24"]
[Round "4.4"]
[White "Uzzaman, Ashik"]
[Black "Wong, Russell"]
[Result "0-1"]
[WhiteElo "1974"]
[BlackElo "2201"]
[PlyCount "72"]
[EventDate "2017.??.??"]

1. e4 g6 2. d4 Bg7 3. c4 c5 4. d5 d6 5. Nc3 Nh6 6. f3 f5 7. Be2 O-O 8. Be3 f4
9. Bf2 a6 10. Qd2 Qa5 11. Rb1 b5 12. a3 b4 13. axb4 Qxb4 14. Bh4 Ra7 15. Bg5
Rb7 16. Nd1 e5 17. Bd3 Qa4 18. Ne2 Nf7 19. Bh4 Qe8 20. O-O g5 21. Be1 g4 22.
fxg4 Bxg4 23. Nf2 Bc8 24. Kh1 Ng5 25. Ng1 Qg6 26. Nf3 Bf6 27. Qe2 Rg7 28. b4
Nf7 29. Rg1 Nd7 30. b5 Bd8 31. Bd2 Nh6 32. Ra1 axb5 33. cxb5 Nf6 34. g3 Nfg4
35. gxf4 exf4 36. e5 Nxf2+ 0-1

[Event "Mechanics' Winter TNM; G/2"]
[Site "San Francisco"]
[Date "2017.01.10"]
[Round "2.35"]
[White "Valente, Marty"]
[Black "Eastham, Asher Dan"]
[Result "0-1"]
[WhiteElo "1291"]
[BlackElo "1566"]
[PlyCount "74"]
[EventDate "2017.??.??"]

1. e4 e5 2. Nf3 Nc6 3. d4 exd4 4. Nxd4 Bc5 5. Nb3 Bb6 6. Nc3 Nf6 7. Qe2 O-O 8.
Be3 d6 9. O-O-O Be6 10. Kb1 Qe7 11. f3 Ne5 12. Nd5 Nxd5 13. exd5 Bf5 14. Bxb6
axb6 15. f4 Bg4 16. Qd2 Bxd1 17. Qxd1 Nd7 18. Bd3 Rfe8 19. a3 Nf6 20. g3 Qd7
21. Nd4 Ra5 22. Nb3 Raa8 23. Qf1 Re3 24. Nd4 Nxd5 25. Qf2 Rae8 26. Ka2 c6 27.
Rf1 c5 28. Nf3 h6 29. Ne1 Nf6 30. Ng2 Ng4 31. Qd2 R3e7 32. Ne1 Ne3 33. Rf2 d5
34. c3 Qe6 35. Nf3 d4+ 36. b3 dxc3 37. Qxc3 Nd1 0-1